Quiz about Bourgogne-Franche-Comté (French region) - Statistics

General Stats
  • This quiz has been taken 26 times
  • The average score is 9 of 15
Answer Stats
Questions Answers % Correct
What is the 2nd most populated city ? Besançon
100%
What is the capital of Bourgogne Franche-Comté ? Dijon
100%
What is the population (to the nearest million) ? 2.8 million
92%
How many departments are there ? 8
88%
What famous cheese is produced in the region and is often used in gougères ? gruyère ou comté
88%
Names a French region bordering the region Grand Est | Île-de-France | Centre-Val-de-Loire | Auvergne-Rhône-Alpes
83%
Names a historic region of Bourgogne Franche-Comté Bourgogne | Franche-Comté
67%
What is the main river that crosses Bourgogne-Franche-Comté ? la Saône
67%
Names the only border country in the region Switzerland
54%
Which current countries were possessions of the Duchy of Burgundy between 1384 and 1556? (Quote in one) Netherlands | Belgium | Luxembourg
46%
What is the name of a famous 19th century French writer born in Besançon? Victor Hugo
46%
Which great engineer and architect was born in Dijon ? Gustave Eiffel
42%
What is the name of the military high school located in Saône-et-Loire? le lycée militaire d'Autun
25%
Which cheese is typical of Franche-Comté ? la cancoillotte
0%
What is the name of the largest regional natural park located in Bourgogne-Franche-Comté ? le Morvan
0%
No matching quizzes found
Score Distribution
Percent of People with Each Score
Percentile by Number Answered
Your Score History
You have not taken this quiz